| 000 | 01500nam0a2200349 4500 | ||
|---|---|---|---|
| 001 | RU\NLR\bibl\1294818 | ||
| 005 | 20250615145258.0 | ||
| 010 |
_a978-5-98811-081-1 _93000 |
||
| 021 |
_aRU _b2008-76526 _94422 |
||
| 035 | _a(NLR Aleph) 001280453 | ||
| 090 |
_a495653 _c495653 |
||
| 100 | _a20081114d2008 |||y0rusy50 ca | ||
| 101 | 0 | _arus | |
| 102 | _aRU | ||
| 105 | _ay z ||||| | ||
| 200 | 1 |
_aАнализы крови и мочи _eклиническое значение _fГ.И. Козинец |
|
| 205 | _a2-е изд., доп. и перераб. | ||
| 210 |
_aМосква _cПрактическая медицина _d2008 |
||
| 215 |
_a159 с. _d21 |
||
| 225 | 1 | _aЛабораторная диагностика | |
| 300 | _aНа обороте тит.л. авт.: Г.И. Козинец - д.м.н., проф., засл. деят. науки России, проф. | ||
| 320 | _aБиблиогр.: с. 148-151 (44 назв.) и в подстроч. прим. | ||
| 606 | 1 |
_aМоча _xКлинические лабораторные исследования _91691106 _3RU\NLR\auth\66751812 |
|
| 606 | 1 |
_aКровь _xКлинические лабораторные исследования _91487574 _3RU\NLR\auth\66637236 |
|
| 686 | _aР345.1 | ||
| 686 | _aР345.2 | ||
| 700 | 1 |
_aКозинец _bГ. И. _f1931- _gГеннадий Иванович _4070 |
|
| 801 | 0 |
_aRU _bNLR _c20081114 _gRCR |
|
| 801 | 1 |
_aRU _bNLR _c20081114 |
|
| 942 | _cBOOK | ||
| 980 | _aNB | ||